Yearbook of Labour Statistics 2005

Saved in:
Bibliographic Details
Format: Book
Language:English
French
Spanish
Published: Geneva International Labour Office 2005
Subjects:
Tags: Add Tag
No Tags, Be the first to tag this record!

MARC

LEADER 00000nam$a2200000$$$4500
001 0042416
005 20260303072439.7
020 |a 92-2-017247-X 
022 |a 0084-3857 
041 0 |a eng 
041 0 |a fre 
041 0 |a spa 
044 |a CH 
245 1 0 |a Yearbook of Labour Statistics 2005 
264 1 |a Geneva  |b International Labour Office  |c 2005 
300 |a 1555 s. 
610 2 0 |a štatistika práce 
610 2 0 |a populácia 
610 2 0 |a zamestnanosť 
610 2 0 |a nezamestnanosť 
610 2 0 |a čas pracovný 
610 2 0 |a mzdy 
610 2 0 |a náklady práce